| 000 | 01015nam a22003135a 4500 | ||
|---|---|---|---|
| 999 |
_c22870 _d22842 |
||
| 003 | EG-ScBUE | ||
| 005 | 20210519100531.0 | ||
| 008 | 161026r20102004enk f b 000 0 eng d | ||
| 020 | _a9780521533850 | ||
| 040 |
_aEG-ScBUE _beng _erda _cEG-ScBUE _dEG-ScBUE |
||
| 082 | 0 | 4 |
_a428.24 _bWAL _222 |
| 100 | 1 |
_aWallace, Michael J., _eauthor. |
|
| 245 | 1 | 0 |
_aStudy skills in English / _cMichael J. Wallace. |
| 250 | _aSecond edition. | ||
| 250 | _aSeven printing. | ||
| 264 | 1 |
_aCambridge : _bCambridge University Press, _c2010. |
|
| 300 |
_a208 pages ; _c26 cm |
||
| 336 |
_2rdacontent _atext _btxt |
||
| 337 |
_2rdamedia _aunmediated _bn |
||
| 338 |
_2rdacarrier _avolume _bnc |
||
| 504 | _aIncludes bibliographical references. | ||
| 650 | 7 |
_aEnglish language _xStudy and teaching (Higher) _2BUEsh |
|
| 650 | 7 |
_aEnglish language _xTextbook for foreign speakers. _2BUEsh |
|
| 650 | 7 |
_aStudy skills. _2BUEsh |
|
| 651 | _2BUEsh | ||
| 653 |
_bHHUUEENN _cOctober2016 |
||
| 655 |
_vReading book _934232 |
||
| 942 |
_2ddc _cBB |
||